Statistics for All Gen 7 Pokemon

Click here to take the quiz!

General Stats

  • This quiz has been taken 527 times
  • The average score is 55 of 81

Answer Stats

HintAnswer% Correct
725Litten
96%
722Rowlet
96%
724Decidueye
93%
728Popplio
93%
727Incineroar
92%
726Torracat
92%
730Primarina
91%
729Brionne
88%
723Dartrix
87%
792Lunala
84%
791Solgaleo
84%
733Toucannon
83%
731Pikipek
81%
737Charjabug
78%
732Trumbeak
78%
789Cosmog
77%
735Gumshoos
77%
800Necrozma
77%
738Vikavolt
77%
794Buzzwole
76%
736Grubbin
75%
785Tapu Koko
75%
786Tapu Lele
75%
734Yungoos
75%
790Cosmoem
74%
745Lycanroc
74%
778Mimikyu
74%
744Rockruff
74%
787Tapu Bulu
74%
788Tapu Fini
74%
798Kartana
73%
799Guzzlord
72%
746Wishiwashi
71%
795Pheromosa
70%
782Jangmo-o
68%
784Kommo-o
68%
793Nihilego
68%
777Togedemaru
68%
796Xurkitree
68%
749Mudbray
67%
754Lurantis
66%
750Mudsdale
66%
776Turtonator
66%
751Dewpider
65%
753Fomantis
65%
752Araquanid
64%
797Celesteela
64%
757Salandit
64%
740Crabominable
63%
739Crabrawler
63%
783Hakamo-o
63%
802Marshadow
63%
758Salazzle
63%
763Tsareena
63%
761Bounsweet
62%
742Cutiefly
61%
741Oricorio
61%
743Ribombee
61%
762Steenee
61%
780Drampa
60%
748Toxapex
60%
772Type:Null
60%
801Magearna
59%
747Mareanie
59%
773Silvally
59%
767Wimpod
58%
768Golisopod
57%
765Oranguru
57%
774Minior
56%
760Bewear
55%
779Bruxish
54%
766Passimian
54%
759Stufful
53%
764Comfey
52%
781Dhelmise
51%
771Pyukumuku
51%
769Sandygast
51%
775Komala
50%
770Palossand
50%
756Shiinotic
46%
755Morelull
45%

Score Distribution

Percentile by Number Answered

Percent of People with Each Score

Your Score History

You have not taken this quiz